ბათუმის შოთა რუსთაველის სახელმწიფო უნივერსიტეტის ბიბლიოთეკა

ბერძნული წარწერები საქართველოში / (ბიბ.ჩანაწერი № 59787)

000 -ლიდერი
ფიქსირებული სიგრძის საკონტროლო ველი 01426nam a22002177a 4500
003 - საკონტროლო ნომრის იდენტიფიკატორი
საკონტროლო ველი Ge_BSU
005 - ბოლო ოპერაციის თარიღი და დრო
საკონტროლო ველი 20230419103354.0
008 - ფიქსირებული სიგრძის მონაცემთა ელემენტები - ზოგადი ინფორმაცია
ფიქსირებული სიგრძის საკონტროლო ველი 230419s1951 ge ||||| |||| 00| 0 geo d
041 ## - ენის კოდი
Language code of text/sound track or separate title geo
080 ## - უნივერსალური ათობითი კლასიფიკაციის ინდექსი
Universal Decimal Classification number 930.2:003.071(=14)(479.22) ყ-36
100 ## - მთავარი ჩანაწერი - პიროვნების სახელი
Personal name ყაუხჩიშვილი, თ.
9 (RLIN) 17649
245 ## - ცნობა სათაურის შესახებ
Title ბერძნული წარწერები საქართველოში /
Statement of responsibility, etc თ. ყაუხჩიშვილი; რედ. სიმ. ყაუხჩიშვილი; საქართველოს სსრ მეცნიერებათა აკადემია. აკად. ივ. ჯავახიშვილის სახ. ისტორიის ინ-ტი.
264 ## - წარმოების, გამოცემის, დისტრიბუციის და სხვა ცნობები
გამოცემის, წარმოების, დისტრიბუციის... ადგილი თბილისი :
გამოცემის, წარმოების, დისტრიბუციის... სახელწოდება საქ. სსრ მეცნ. აკად. გამ-ბა,
გამოცემის, წარმოების, დისტრიბუციის... თარიღი 1951.
300 ## - ფიზიკური აღწერა
Extent 379 გვ. ;
Other physical details 24 სმ.
501 ## - შენიშვნა თანმხლებ მასალაზე
With note საკუთარ სახელთა საძიებელი, გვ. 364-376.
504 ## - BIBLIOGRAPHY, ETC. NOTE
Bibliography, etc ბიბლიოგრ. შენიშვნებში
653 ## - INDEX TERM--UNCONTROLLED
Uncontrolled term ბერძნული წარწერები საქართველოში
700 ## - ADDED ENTRY--PERSONAL NAME
Personal name ყაუხჩიშვილი, სიმ.
Relator term რედაქტორი
9 (RLIN) 17670
856 ## - ELECTRONIC LOCATION AND ACCESS
Uniform Resource Identifier https://dspace.nplg.gov.ge/bitstream/1234/321967/1/Berdznuli_Warwerebi_Saqartveloshi_1951.pdf
Link text ელ. ვერსია. pdf
942 ## - ADDED ENTRY ELEMENTS (KOHA)
Source of classification or shelving scheme
Koha item type წიგნი
ეგზემპლარები
ჩამოწერის სტატუსი დაკარგული ეგზემპლარის სტატუსი კლასიფიკაციის წყარო ან თაროზე გაწყობის სქემა დაზიანების სტატუსი არ გაიცემა მუდმივი მდებარეობა (დაცვის ადგილი) ამჟამინდელი ადგილსამყოფელი თაროზე განთავსების ადგილი შეძენის თარიღი ღირებულება, შესყიდვის ნორმალური ფასი სრული შენახვის შიფრი შტრიხკოდი ბოლო ოპერაციის თარიღი ეგზემპლარის მიმდევრობითი ნომერი (კეტერი?) Uniform Resource Identifier ფასის ძალაში შესვლის თარიღი ეგზემპლარის სახეობა საჯარო შენიშვნა
          ბათუმის შოთა რუსთაველის სახელმწიფო უნივერსიტეტის მთავარი ბიბლიოთეკა ბათუმის შოთა რუსთაველის სახელმწიფო უნივერსიტეტის მთავარი ბიბლიოთეკა წიგნსაცავი 2023-04-19 15.00 930.2:003.071(=14)(479.22) ყ-36 64273 2023-04-19 64273 ბსუ-ს საპატიო დოქტორის გურამ ლორთქიფანიძის საჩუქარი 2023-04-19 წიგნი 15 ლ.